Silent milionaire : think small and be successful

Bibliographic Details
Main Author: Rusly Abdullah
Other Authors: Nor Anita M.M Nordin
Format: Book
Published: Kuala Lumpur : Al-Ameen Serve Holdings , 2006
Subjects:

MARC

LEADER 00000cam a2200000 7i4500
001 0000014517
005 20080307.0
008 080303
020 |a 9832334802 
090 0 0 |a 650.1   |b RUS 
100 0 |a Rusly Abdullah 
245 1 0 |a Silent milionaire :   |b think small and be successful   |c Rusly Abdullah; translation, Nor Anita M.M Nordin 
260 |a Kuala Lumpur :   |b Al-Ameen Serve Holdings ,   |c 2006 
650 0 |a Achievement motivation 
650 0 |a Success in business 
700 0 |a Nor Anita M.M Nordin 
999 |a 0001012146   |b Book   |c Adult Collection   |e Perbadanan Perpustakaan Awam Johor